Geography Quiz

Random Geography or World Quiz

Gulfs around the world Quiz Stats

 Plays Quiz not verified by Sporcle

Challenge
Share
Tweet
Embed
Score 0/32 Timer 12:00
0 Plays Today
Hint Gulf % Correct
World's largest gulfMexico
78.6%
Location of BahrainPersian
66.7%
Between Yemen and SomaliaAden
61.9%
Also called the Sea of CortesCalifornia
54.8%
Borders Vietnam, Cambodia, and ThailandThailand
54.8%
Location of Bioko IslandGuinea
54.8%
Outlet of the North American Great LakesSt. Lawrence
53.6%
Outlet of Neva RiverFinland
51.2%
Between Finland and SwedenBothnia
48.8%
South of Kenai PeninsulaAlaska
47.6%
Connected to the Caribbean Sea by a canalPanama
46.4%
Connected to the Mediterranean Sea by a canalSuez
42.9%
Borders Vietnam and ChinaTonkin
42.9%
Borders Australian state of QueenslandCarpentaria
36.9%
Borders Estonia and LatviaRiga
34.5%
Coastline of JordanAqaba
33.3%
Hint Gulf % Correct
Overlooked by Mount VesuviusNaples
31%
Borders New England and Atlantic CanadaMaine
26.2%
Separates Peloponnese from mainland GreeceCorinth
25%
Connected to Lake MaracaiboVenezuela
22.6%
Major ports include Marseille and ToulonLion
17.9%
Major ports include Tianjin, Tangshan, and YingkouBohai
17.9%
Between India and Sri LankaMannar
16.7%
Borders El Salvador, Honduras, and NicaraguaFonseca
16.7%
Outlet of Dneiper RiverOdessa
15.5%
Connected to the Kara SeaOb
14.3%
Between Baffin Island and Canadian mainlandBoothia
13.1%
Location of national park in Indian state of GujaratKutch
11.9%
South of island of New GuineaPapua
10.7%
Borders Mexican states of Oaxaca and ChiapasTehuantepec
10.7%
Major ports include Surat, Bharuch, and DamanKhambhat
9.5%
Outlet of Salween RiverMartaban
6%

You're not logged in!

Compare scores with friends on all Sporcle quizzes.
Join for Free
OR
Log In

You Might Also Like...

Show Comments

Extras

Created Oct 4, 2012ReportNominate
Tags:World Quiz, gulf, ocean, sea

Top Quizzes Today


Score Distribution

Your Account Isn't Verified!

In order to create a playlist on Sporcle, you need to verify the email address you used during registration. Go to your Sporcle Settings to finish the process.

Report this User

Report this user for behavior that violates our Community Guidelines.

Details: